MCU movies - Statistics

General Stats
  • This quiz has been taken 56 times
  • The average score is 34 of 40
Answer Stats
Year Movie % Correct
2011 Captain America: The First Avenger
98%
2008 Iron Man
98%
2010 Iron Man 2
98%
2013 Iron Man 3
98%
2019 Avengers: Endgame
96%
2018 Avengers: Infinity War
96%
2011 Thor
96%
2016 Captain America: Civil War
94%
2017 Spider-Man: Homecoming
94%
2012 The Avengers
94%
2008 The Incredible Hulk
94%
2015 Ant-Man
91%
2018 Ant-Man and the Wasp
91%
2015 Avengers: Age of Ultron
91%
2017 Thor: Ragnarok
91%
2018 Black Panther
89%
2021 Black Widow
89%
2014 Guardians of the Galaxy
89%
2019 Spider-Man: Far From Home
89%
2014 Captain America: The Winter Soldier
87%
2019 Captain Marvel
87%
2016 Doctor Strange
87%
2013 Thor: The Dark World
87%
2017 Guardians of the Galaxy Vol. 2
85%
2021 Spider-Man: No Way Home
85%
2025 Thunderbolts*
81%
2023 Guardians of the Galaxy Vol. 3
79%
2022 Black Panther: Wakanda Forever
77%
2025 The Fantastic Four: First Steps
77%
2025 Captain America: Brave New World
74%
2021 Eternals
74%
2023 The Marvels
74%
2023 Ant-Man and the Wasp: Quantumania
72%
2021 Shang-Chi and the Legend of the Ten Rings
72%
2022 Doctor Strange in the Multiverse of Madness
70%
2022 Thor: Love and Thunder
70%
2026 Avengers: Doomsday
64%
2027 Avengers: Secret Wars
62%
2024 Deadpool & Wolverine
60%
2026 Spider-Man: Brand New Day
57%
No matching quizzes found
Score Distribution
Percent of People with Each Score
Percentile by Number Answered
Your Score History
You have not taken this quiz